| 000 | 01046nam0a2200313 4500 | ||
|---|---|---|---|
| 001 | RU\NLR\BIBL_A\011806105 | ||
| 005 | 20181016142525.0 | ||
| 010 |
_a978-5-93673-186-0 _9500 |
||
| 021 |
_aRU _bКН-П-18-063600 _9КН-П-18-4580 |
||
| 035 | _a(NLR Aleph) 011806105 | ||
| 035 | _a(RuMoRGB)009725466 | ||
| 090 |
_a11892541 _c11892541 |
||
| 100 | _a20181001d2018 u y0rusy50 ca | ||
| 101 | 0 | _arus | |
| 102 | _aRU | ||
| 105 | _ay|||z|||000ay | ||
| 200 | 1 |
_aПьесы _fЕвгений Ратушный |
|
| 210 |
_aМосква _cТриумф _d2018 |
||
| 215 |
_a76 с. _d21 |
||
| 327 | 1 | _aСодерж.: Остановка для качелей; Кто молот?; Новости от потеряшки | |
| 333 | _aДля читателей старше 18 лет | ||
| 686 | 2 | _aШ6(2=Р)8-62 | |
| 700 | 1 |
_aРатушный _bЕ. Е. _gЕвгений Евгеньевич |
|
| 942 | _cBOOK | ||
| 980 | _aNBR | ||
| 980 | _aNB | ||